Toutes les communes du Seine-et-Marne (Extrême) - Statistiques

Statistiques générales
  • Ce quiz a été pris 10 fois
  • Le résultat moyen est 38 sur 500
Statistiques - réponses
Département Communes % Correct
Melun
100%
Meaux
89%
Chelles
78%
Champs-sur-Marne
67%
Fontainebleau
67%
Lognes
67%
Provins
67%
Serris
67%
Torcy
67%
Chessy
56%
Coulommiers
56%
La Ferté-sous-Jouarre
56%
Lagny-sur-Marne
56%
Le Mée-sur-Seine
56%
Noisiel
56%
Pontault-Combault
56%
Combs-la-Ville
44%
Dammarie-les-Lys
44%
Esbly
44%
Roissy-en-Brie
44%
Tournan-en-Brie
44%
Avon
33%
Bagneaux-sur-Loing
33%
Barbizon
33%
Bourron-Marlotte
33%
Brie-Comte-Robert
33%
Cesson
33%
Crécy-la-Chapelle
33%
Croissy-Beaubourg
33%
Évry-Grégy-sur-Yerre
33%
Gretz-Armainvilliers
33%
Lieusaint
33%
Magny-le-Hongre
33%
Mitry-Mory
33%
Montévrain
33%
Mormant
33%
Nemours
33%
Ozoir-la-Ferrière
33%
Saint-Germain-sur-Morin
33%
Savigny-le-Temple
33%
Thorigny-sur-Marne
33%
Villeparisis
33%
Bailly-Romainvilliers
22%
Boissise-le-Roi
22%
Brou-sur-Chanterein
22%
Bussy-Saint-Martin
22%
Champagne-sur-Seine
22%
Chanteloup-en-Brie
22%
Chartrettes
22%
Chevry-Cossigny
22%
Claye-Souilly
22%
Collégien
22%
Couilly-Pont-aux-Dames
22%
COurtry
22%
Faremoutiers
22%
Fontaine-le-Port
22%
Fontenay-Trésigny
22%
Grisy-Suisnes
22%
Guérard
22%
Héricy
22%
La Celle-sur-Morin
22%
La Houssaye-en-Brie
22%
Livry-sur-Seine
22%
Longueville
22%
Marles-en-Brie
22%
Moissy-Cramayel
22%
Montereau-Fault-Yonne
22%
Montigny-sur-Loing
22%
Montry
22%
Moret-Loing-et-Orvanne
22%
Mortcerf
22%
Mouroux
22%
Pommeuse
22%
Pringy
22%
Réau
22%
Saint-Fargeau-Ponthierry
22%
Saint-Pierre-lès-Nemmours
22%
Saint-Thibault-des-Vignes
22%
Samoreau
22%
Souppes-sur-Loing
22%
Thomery
22%
Trilport
22%
Vaires-sur-Marne
22%
Vaux-le-Pénil
22%
Verneuil-l'Étang
22%
Amillis
11%
Arbonne-la-Forêt
11%
Bois-le-Roi
11%
Boissise-la-Bertrand
11%
Bombon
11%
Cély
11%
Chailly-en-Bière
11%
Chalifert
11%
Changis-sur-Marne
11%
Château-Landon
11%
Châtenay-sur-Seine
11%
Chauffry
11%
Compans
11%
Coubert
11%
Courtomer
11%
Crégy-lès-Meaux
11%
Crèvecoeur-en-Brie
11%
Crouy-sur-Ourcq
11%
Dammartin-en-Goële
11%
Darvault
11%
Férolles-Attilly
11%
Ferrières-en-Brie
11%
Fleury-en-Bière
11%
Gressy
11%
Grisy-sur-Seine
11%
Guermantes
11%
Guignes
11%
Hautefeuille
11%
Jablines
11%
Jouarre
11%
Juilly
11%
La Ferté-Gaucher
11%
La Grande-Paroisse
11%
La Rochette
11%
Le Mesnil-Amelot
11%
Le Pin
11%
Lésigny
11%
Liverdy-en-Brie
11%
Lizy-sur-Ourcq
11%
Maincy
11%
Maison-Rouge
11%
Marchémoret
11%
Mareuil-lès-Meaux
11%
Mauregard
11%
Montigny-Lencoup
11%
Nandy
11%
Nanteuil-lès-Meaux
11%
Nanteuil-sur-Marne
11%
Nantouillet
11%
Neufmoutiers-en-Brie
11%
Noisy-Rudignon
11%
Noisy-sur-École
11%
Perthes
11%
Poigny
11%
Pomponne
11%
Pontcarré
11%
Quincy-Voisins
11%
Rebais
11%
Rozay-en-Brie
11%
Saâcy-sur-Marne
11%
Sainte-Colombe
11%
Saint-Germain-Laval
11%
Saint-Germain-Laxis
11%
Saint-Loup-de-Naud
11%
Saint-Mammès
11%
Saint-Mard
11%
Saint-Sauveur-sur-École
11%
Samois-sur-Seine
11%
Servon
11%
Solers
11%
Thieux
11%
Tigeaux
11%
Vert-Saint-Denis
11%
Villiers-sur-Seine
11%
Voulx
11%
Vulaines-sur-Seine
11%
Seine-et-Marne Achères-la-Forêt
0%
Amponville
0%
Andrezel
0%
Annet-sur-Marne
0%
Argentières
0%
Armentières-en-Brie
0%
Arville
0%
Aubepierre-Ozouer-le-Repos
0%
Aufferville
0%
Augers-en-Bris
0%
Aulnoy
0%
Baby
0%
Balloy
0%
Bannost-Villegagnon
0%
Barbey
0%
Barcy
0%
Bassevelle
0%
Beauchery-Saint-Martin
0%
Beaumont-du-Gâtinais
0%
Beauvoir
0%
Bellot
0%
Bernay-Vilbert
0%
Beton-Bazoches
0%
Bezalles
0%
Bissy-Saint-Georges
0%
Blandy
0%
Blennes
0%
Boisdon
0%
Boissettes
0%
Boissy-aux-Cailles
0%
Boissy-le-Châtel
0%
Boitron
0%
Bougligny
0%
Boulancourt
0%
Bouleurs
0%
Boutigny
0%
Bransles
0%
Bray-sur-Seine
0%
Bréau
0%
Burcy
0%
Bussières
0%
Buthiers
0%
Bzoches-lès-Bray
0%
Cannes-Écluse
0%
Carnetin
0%
Cerneux
0%
Cessoy-en-Montois
0%
Chailly-en-Brie
0%
Chaintreaux
0%
Chalautre-la-Grande
0%
Chalautre-la-Petite
0%
Chalmaison
0%
Chambry
0%
Champcenest
0%
Champdeuil
0%
Champeaux
0%
Charmentray
0%
Charny
0%
Chartronges
0%
Châteaubleau
0%
Châtenoy
0%
Châtillon-la-Borde
0%
Châtres
0%
Chauconin-Neufmontiers
0%
Chaumes-en-Brie
0%
Chenoise-Cucharmoy
0%
Chenou
0%
Chevrainvilliers
0%
Chevru
0%
Chevry-en-Sereine
0%
Choisy-en-Brie
0%
Citry
0%
Clos-Fontaine
0%
Cocherel
0%
Conches-sur-Gondoire
0%
Condé-Sainte-Libiaire
0%
Congis-sur-Thérouanne
0%
Coulombs-en-Valois
0%
Coulommes
0%
Courchamps
0%
Courpalay
0%
Courquetaine
0%
Courtacon
0%
Coutençon
0%
Coutevroult
0%
Crisenoy
0%
Cuisy
0%
Dagny
0%
Dammarti-sur-Tigeaux
0%
Dampmart
0%
Dhuisy
0%
DIant
0%
Donnemarie-Dontilly
0%
Dormelles
0%
Doue
0%
Douy-la-Ramée
0%
Échouboulains
0%
Égligny
0%
Égreville
0%
Émeranville
0%
Esmans
0%
Étrépilly
0%
Everly
0%
Favières
0%
Faÿ-lès-Nemours
0%
Féricy
0%
Flagy
0%
Fontaine-Fourches
0%
Fontains
0%
Fontenailles
0%
Forfry
0%
Forges
0%
Fouju
0%
Fresnes-sur-Marne
0%
Frétoy
0%
Fromont
0%
Fublaines
0%
Garentreville
0%
Gastins
0%
Germigny-l'Évêque
0%
Germigny-sous-Coulombs
0%
Gesvres-le-Chapitre
0%
Giremoutiers
0%
Gironville
0%
Gouaix
0%
Gouvernes
0%
Grandpuits-Bailly-Carrois
0%
Gravon
0%
Grez-sur-Ling
0%
Guercheville
0%
Gurcy-le-Châtel
0%
Hermé
0%
Hondevilliers
0%
Ichy
0%
Isles-le-Meldeuses
0%
Isles-lès-Villenoy
0%
Iverny
0%
Jaignes
0%
Jaulnes
0%
Jossigny
0%
Jouy-le-Châtel
0%
Jouy-sur-Morin
0%
Jutigny
0%
La Brosse-Montceaux
0%
La Chapelle-Iger
0%
La Chapelle-la-Reine
0%
La Chapelle-Rablais
0%
La Chapelle-Saint-Suplice
0%
La Chapell-Moutils
0%
La Croix-en-Brie
0%
La Genevraye
0%
La Haute-Maison
0%
La Madeline-sur-Loing
0%
Larchant
0%
La Tombe
0%
La Trétoire
0%
Laval-en-Brie
0%
Le Châtelet-en-Brie
0%
Léchelle
0%
Le Plessis-aux-Bois
0%
Le Plessis-Feu-Aussoux
0%
Le Plessis-l'Évêque
0%
Le Plessis-Placy
0%
Les Chapelles-Bourbon
0%
Lescherolles
0%
Lesches
0%
Les Écrennes
0%
Les Marêts
0%
Les Ormes-sur-Voulzie
0%
Leudon-en-Brie
0%
Le Vaudoué
0%
Limoges-Fourches
0%
Lissy
0%
Lizines
0%
Longperrier
0%
Lorrez-le-Bocage-Préaux
0%
Louan-Villergruis-Fontaine
0%
Luisetaines
0%
Lumigny-Nesles-Ormeaux
0%
Luzancy
0%
Machault
0%
Maisoncelle-en-Gâtinais
0%
Maisoncelles-en-Brie
0%
Marcilly
0%
Marolles-en-Brie
0%
Marolles-sur-Marne
0%
Marolles-sur-Seine
0%
Mauperthuis
0%
May-en-Multien
0%
Meigneux
0%
Meilleray
0%
Melz-sur-Seine
0%
Méry-sur-Marne
0%
Messy
0%
Misy-Sur-Yonne
0%
Moisenay
0%
Mondreville
0%
Mons-en-Montois
0%
Montceaux-lès-Provins
0%
Montcourt-Fromonville
0%
Montdauphin
0%
Montenils
0%
Montereau-sur-le-Jard
0%
Montgé-en-Goële
0%
Monthyon
0%
Montigny-le-Guesdier
0%
Montmachoux
0%
Montolivet
0%
Mortery
0%
Mosseaux-lès-Bray
0%
Moussy-le-Neuf
0%
Moussy-le-Vieux
0%
Moussy-sur-Seine
0%
Nanteau-sur-Essonne
0%
Nanteau-sur-Lunain
0%
Nonville
0%
Noyen-sur-Seine
0%
Obsonville
0%
Ocquere
0%
Oissery
0%
Orly-sur-Morin
0%
Ormesson
0%
Othis
0%
Ozouer-le-Voulgis
0%
Paley
0%
Pamfou
0%
Paroy
0%
Passy-sur-Seine
0%
Pécy
0%
Penchard
0%
Pézarches
0%
Pierre-Levée
0%
Poincy
0%
Poligny
0%
Précy-sur-Marne
0%
Presles-en-Brie
0%
Puisieux
0%
Quiers
0%
Rampillon
0%
Recloses
0%
Remauville
0%
Reuil-en-Brie
0%
Rouilly
0%
Rouvres
0%
Rubelles
0%
Rumont
0%
Rupéreux
0%
Sablonnières
0%
Saint-Augustin
0%
Saint-Aulde
0%
Saint-Barthélemy
0%
Saint-Brice
0%
Saint-Cyr-sur-Morin
0%
Saint-Denis-Lès-Rebais
0%
Saint-Fiacre
0%
Saint-Germain-sous-Doue
0%
Saint-Germain-sur-École
0%
Saint-Hilliers
0%
Saint-Jean-les-Deux-Jumeaux
0%
Saint-Just-en-Brie
0%
Saint-Léger
0%
Saint-Mars-Vieux-Maisons
0%
Saint-Martin-des-Champs
0%
Saint-Martin-du-Boschet
0%
Saint-Martin-en-Bière
0%
Saint-Méry
0%
Saint-Mesmes
0%
Saint-Ouen-en-Brie
0%
Saint-Ouen-sur-Morin
0%
Saint-Pathus
0%
Saint-Rémy-la-Vanne
0%
Saint-Sauveur-lès-Bray
0%
Saint-Siméon
0%
Saint-Souplpets
0%
Salins
0%
Sammeron
0%
Sancy
0%
Sancy-lès-Provins
0%
Savins
0%
Seine-Port
0%
Sept-Port
0%
Sept-Sorts
0%
Signy-Signets
0%
Sigy
0%
Sivry-Courtry
0%
Sognolles-en-Montois
0%
Soignolles-en-Brie
0%
Soisy-Bouy
0%
Sourdun
0%
Tancrou
0%
Thénisy
0%
Thoury-Férottes
0%
Touquin
0%
Toussan
0%
Treuzy-Levelay
0%
Trilbardou
0%
Trocy-en-Multien
0%
Ury
0%
Ussy-sur-Marne
0%
Valence-en-Brie
0%
Vanvillé
0%
Varennes-sur-Seine
0%
Varredes
0%
Vaucourtois
0%
Vaudoy-en-Brie
0%
Vaux-sur-Lunain
0%
Vendrest
0%
Verdelot
0%
Vernou-la-Celle-sur-Seine
0%
Vieux-Champagne
0%
Vignely
0%
Villebéon
0%
Villecerf
0%
Villemaréchal
0%
Villemareuil
0%
Villemer
0%
Villenauxe-la-Petite
0%
Villeneuve-le-Comte
0%
Villeneuve-les-Bordes
0%
Villeneuve-Saint-Denis
0%
Villeneuve-sous-Dammartin
0%
Villeneuve-sur-Bellot
0%
Villenoy
0%
Villeroy
0%
Ville-Saint-Jacques
0%
Villevaudé
0%
Villiers-en-Bière
0%
Villiers-Saint-Georges
0%
Villiers-sous-Grez
0%
Villiers-sur-Morin
0%
Villuis
0%
Vimpelles
0%
Vinantes
0%
Vincy-Manoeuvre
0%
Voinsles
0%
Voisenon
0%
Voulangis
0%
Voulton
0%
Vulaines-lès-Provins
0%
Aucun quiz correspondant
Distribution des résultats
% des personnes avec chaque résultat
Percentile par nombre de réponses
Votre historique - résultats
Vous n’avez pas pris ce quiz